Quizzes
Events
Quiz Creation
Community
Videos
Private Events
Remove Ads
Sign In
Join for FREE
Feedback
Dark Mode
Quiz Categories
Sports
Geography
Music
Movies
Television
Just For Fun
Miscellaneous
History
Literature
Language
Science
Gaming
Entertainment
Religion
Holiday
For Kids
Quiz Lab
Recent
Popular Today
Quiz Kudos Today
Editor Picks
Curator Picks
Quizzes by...
Day
Popularity
Type
Ratings
Length
Year
Community
Subscriptions
Recent Discussions
Orange Saloon
Badges
Playlists
Quests
Create
Leaderboards
Showdown
Live 5
Trivia Bingo
Activity
Puzzle Library
Sporcle Events
Private Events
Virtual Trivia
Globe League
Become a Host
Pub Owners
SporcleCon
Opinionation
Our Games
Videos
Blog
Mobile Apps
Partnerships
Remove Ads and Go Orange
Feedback
History
US Presidents
World Leaders
Politics
Nation
Discovery
War
Decade
Year
Century
Biography
Art
History
US Presidents
World Leaders
Politics
Nation
Discovery
War
Decade
Year
Century
Biography
Art
Random Quiz
Search Sporcle
×
Quiz Lab
Quiz Lab
History
declaration
Type in answers that appear in a list
Type in answers that appear in a list
Classic
Best Score? Go Orange.
All signers of the Declaration Stats
Can you name the All signers of the Declaration?
By
mrlakers13
10m
56 Questions
14 Plays
14 Plays
14 Plays
Comments
Comments
Give Quiz Kudos
Give Quiz Kudos
-
- Ratings
hide this ad
More Info
Replay
Link that replays current quiz
Next Quiz
Link to next quiz in quiz playlist
You Got
0%
They Got
Avg Score
32%
Avg Friend Score
Upgrade to see
Score Distribution
Jump to the score distribution portion of the page
Score
0/56
Timer
10:00
0
Plays Today
% Correct
John Hancock
92.9%
Thomas Jefferson
92.9%
Benjamin Franklin
85.7%
John Adams
78.6%
Samuel Adams
71.4%
Caesar Rodney
57.1%
Roger Sherman
57.1%
George Read
50%
Richard Henry Lee
50%
Thomas McKean
42.9%
James Wilson
42.9%
Stephen Hopkins
42.9%
Lewis Morris
42.9%
Lyman Hall
42.9%
Robert Morris
35.7%
Elbridge Gerry
35.7%
Josiah Bartlett
35.7%
Philip Livingston
35.7%
Button Gwinnett
35.7%
Edward Rutledge
35.7%
John Witherspoon
35.7%
Charles Carroll
35.7%
Samuel Chase
35.7%
George Clymer
28.6%
William Ellery
28.6%
William Floyd
28.6%
George Wythe
28.6%
Joseph Hewes
28.6%
% Correct
Benjamin Rush
21.4%
George Ross
21.4%
George Taylor
21.4%
Robert Treat Paine
21.4%
William Whipple
21.4%
Francis Lewis
21.4%
Francis Lightfoot Lee
21.4%
Arthur Middleton
21.4%
Abraham Clark
21.4%
Francis Hopkinson
21.4%
Richard Stockton
21.4%
William Williams
21.4%
William Paca
21.4%
John Morton
14.3%
James Smith
14.3%
Matthew Thornton
14.3%
George Walton
14.3%
Carter Braxton
14.3%
Benjamin Harrison
14.3%
Thomas Nelson, Jr.
14.3%
William Hooper
14.3%
John Penn
14.3%
Thomas Lynch, Jr.
14.3%
Thomas Heyward, Jr.
14.3%
John Hart
14.3%
Samuel Huntington
14.3%
Oliver Wolcott
14.3%
Thomas Stone
14.3%
Quiz Playlist
Details
Report
Send in Message
Add To Playlist
More Info:
Just so ypu know in National Treasure said that there were only 55 signers but there realy 56. Also full names only.
Classic:
Type in answers that appear in a list
Quiz Source
Last Updated: Feb 16, 2017
Quiz Scoreboard
CHALLENGE
Sign Up to Join the Scoreboard
Show All
Scores
Hide
Comments
May contain spoilers
Recently Published
Movies - When Are They Set?
by FPL_Elf
Movies
5m
Popular People in 1961
by mucciniale
History
6m
1-10 Letter E Words III
by El_Dandy
Language
2m
More to Explore
Quiz From the Vault
Featured Blog Post
Where Did the Easter Bunny Come From?
hide this ad
You Might Also Like...
Tags
declaration
Signer
Today's Top Quizzes in History
Browse History
hide this ad
Today's Top Quizzes in declaration
Browse declaration
Top Contributed Quizzes in History
1
Popular People in 1991
2
Popular People in 1981
3
Popular People in 1951
4
Popular People in 1941
5
Popular People in 1986
6
Popular People in 1976
7
Popular People in 1921
8
I Am Born On March 28th
9
Popular People in 1946
10
Popular People in 1936
Explore More
Trending Topics
NBA
Harry Potter
Anime
Crossword
Disney
Marvel
Kpop
WWE
The Office
Soccer
Puzzle
Song
Pokémon
Country
NFL
hide this ad
More By:
mrlakers13
Quiz
Plays
Rating
Category
Featured
Created
Cell Parts
272
1.00
Science
Nov 13, 2014
world series champs 1903-2014
137
2.25
Sports
Sep 16, 2012
The Sandlot baseball team players
114
5.00
Movies
Sep 16, 2012
Famous sport players
89
2.33
Sports
Sep 17, 2012
Top ten nba players (current)
45
1.67
Sports
Sep 15, 2012
Go to Creator's Profile
Score Distribution
Quiz Creator Spotlight
mrlakers13
Follow
Send a Message
Quizzes Created
-
Created Quiz Play Count
-
More By This Creator
Popular Quizzes Today
1
Find the Countries of Europe - No Outlines Minefield
2
Find the US States - No Outlines Minefield
3
The Countries of the World
4
Popular People in 1961
5
1-10 Letter E Words III
6
US States
7
Find the US States
8
One Thing in Common: World Cities II
More History Quizzes
On This Day: February 26th II
Published
Trending Quizzes
Risky Map Clicking: Least Populous States A-Z
Humor Books: The Subtitles
1-10 Letter F Words
1-10 Letter G Words
One Thing in Common: United Kingdom
Recently Updated
Leaping Animals
pecheneg
Reality TV Shows (A-Z)
bhenderson79
Rickey Henderson's Hall of Fame Teammates
pecheneg
Champions League XIs: Arsenal
pecheneg
Quick Pick: Celebrities in WWE's Hall of Fame
aduchscher
A-Z Keypad Blitz II
pecheneg
Multiple Oscar Actors
pecheneg
Mystery Phrase Blitz: Oscar 'Best Actors'
pecheneg
F. Scott Fitzgerald Novels
LTH
Pick 3 Villains
ddd62291
Trending Topics
Anime
Harry Potter
Disney
NBA
Kpop
Marvel
Crossword
WWE
Song
The Office
Puzzle
Country
NFL
Pokémon
Soccer
Your Account Isn't Verified!
In order to create a playlist on Sporcle, you need to verify the email address you used during registration. Go to your
Sporcle Settings
to finish the process.
Report this User
Report this user for behavior that violates our
Community Guidelines
.
Details:
Send Report
Go to the Sporcle.com Mobile Site →
Comments